| 000 | 00678nam a2200253Ia 4500 | ||
|---|---|---|---|
| 003 | OSt | ||
| 005 | 20220918213436.0 | ||
| 006 | a|||||r|||| 00| 0 | ||
| 007 | ta | ||
| 008 | 220917b |||||||| |||| 00| 0 eng d | ||
| 024 | _a132,746 | ||
| 037 | _cTextual | ||
| 040 |
_aARTS _cARTS _beng |
||
| 041 |
_2eng _aeng |
||
| 082 | _aX6, K01 | ||
| 100 | _aHalm George N | ||
| 245 | 0 |
_aMonetary theory _b A modern treatment of the essentials of money and bankimg |
|
| 250 | _a2nd | ||
| 260 |
_aBombay _bAsia Publishing House India _c1960 |
||
| 300 |
_a488p _ccm. |
||
| 650 | _aECONOMICS | ||
| 942 |
_hX6, K01 _cTEXL _2CC |
||
| 999 |
_c255856 _d255856 |
||